00000000nam##2200000za#4500
0019.635085
003CaOODSP
00520210624220104
007cr |||||||||||
008150407|2008||||xxc|||||o    f|0| 0 fre|d
020 |a978-0-662-08301-6
040 |aCaOODSP|bfre
043 |an-cn---
0861 |aHS24-44/2008F-PDF
1101 |aCanada.|bRessources humaines et Développement social Canada. |bProgramme du travail.
24513|aLe Règlement sur la santé des non-fumeurs a été modifié et vous devez savoir de quelle manière |h[ressource électronique]
260 |aGatineau - Québec : |bRessources humaines et Développement social Canada. |cc2008.
300 |a2p.
500 |aLe n° de catalogue (HS24-44/2008) et l'ISBN (978-0-662-05511-2) de l'édition imprimée bilingue ont été incorrectement copiés dans la publication électronique.
590 |a12-28-Supp|b2012-06-15
69107|aTabagisme|2gcpds
69107|aSécurité en milieu de travail|2gcpds
77508|tThe Non-smokers' Health Regulations have been amended and you should know what has changed |w(CaOODSP)9.690735
85640|ahttp://publications.gc.ca|qPDF|s131 Ko|uhttps://publications.gc.ca/collections/collection_2012/rhdcc-hrsdc/HS24-44-2008-fra.pdf
986 |aLT-198-02-08